[Event "HCL-B273"]
[Site "www.playchess.de"]
[Date "2001.04.07"]
[Round "29"]
[White "SAROS"]
[Black "Matu"]
[WhiteElo "1266"]
[BlackElo "1563"]
[PlyCount "25"]
[Result "1-0"]

1.e4 {Hello from Istanbul}  c6 {Hello from Munich} 
 2.d4 d5 3.exd5 cxd5 4.Nc3 {Hello from Istanbul}  
Bf5 5.Bb5+ Nc6 6.Nf3 e6 {Hello from Munich}  7.O-O 
Bd6 8.Re1 Nge7 9.Bg5 O-O 10.Ne2 Rc8 11.Nh4 h6 
12.Nxf5 Nxf5 13.Bxd8 1-0

[Event "ACL-E011"]
[Site "www.playchess.de"]
[Date "2001.04.07"]
[Round "9"]
[White "Bill"]
[Black "Dany"]
[WhiteElo "1716"]
[BlackElo "1419"]
[PlyCount "36"]
[Result "1/2-1/2"]

1.e4 c6 2.d4 d5 3.Nc3 dxe4 4.Nxe4 Bf5 5.Ng3 Bg6 
6.h4 h6 7.Nf3 Nd7 8.h5 Bh7 9.Bd3 Bxd3 10.Qxd3 Qc7 
11.Bd2 Ngf6 12.O-O-O e6 13.Ne4 Nxe4 14.Qxe4 Nf6 
15.Qd3 O-O-O 16.Qc4 c5 17.Be3 b6 18.Kb1 
cxd4 1/2-1/2

[Event "HCL-B276"]
[Site "www.playchess.de"]
[Date "2001.04.07"]
[Round "21"]
[White "guanzi"]
[Black "lonewolf"]
[WhiteElo "1427"]
[BlackElo "1616"]
[PlyCount "50"]
[Result "0-1"]

1.e4 {Hello lonewolf!}  c5 {Hello guanzi,good 
luck}  2.Nf3 {Good luck to you too.}  d6 3.h3 Nf6 
4.Nc3 e5 5.d3 Be7 6.Be2 O-O 7.O-O Be6 8.Ng5 Bd7 
9.a3 Nc6 10.Bh5 Be8 11.Nf3 Nxh5 12.Nxe5 dxe5 
13.Qxh5 Nd4 14.Qd1 Bd6 15.Ne2 Ba4 16.Nxd4 cxd4 
17.b3 Bd7 18.Qf3 Rc8 19.Qg3 Rxc2 20.Bh6 Qf6 21.Bg5 
Qg6 22.b4 f6 23.Bh4 Qh5 24.Qf3 Qxh4 25.Qd1 
Rfc8 0-1

[Event "ACL-A150"]
[Site "www.playchess.de"]
[Date "2001.04.07"]
[Round "24"]
[White "el_Tiburon"]
[Black "carl"]
[WhiteElo "1500"]
[BlackElo "1500"]
[PlyCount "32"]
[Result "0-1"]

1.d4 f5 2.g3 Nf6 3.Bg2 g6 4.c4 Bg7 5.Nc3 O-O 6.Nf3 
d6 7.O-O Qe8 8.Re1 Qf7 9.d5 Ne4 10.Ng5 Nxc3 
11.Nxf7 Nxd1 12.Nh6+ Bxh6 13.Bxh6 Nxb2 14.Bxf8 
Kxf8 15.Rac1 Nd7 16.e4 Nd3 0-1

[Event "HCL-A125"]
[Site "www.playchess.de"]
[Date "2001.04.07"]
[Round "11"]
[White "Flemming"]
[Black "Translightor"]
[WhiteElo "1848"]
[BlackElo "1426"]
[PlyCount "53"]
[Result "1-0"]

1.d4 Nf6 2.c4 e6 3.Nc3 Bb4 4.a3 Bxc3+ 5.bxc3 c5 
6.e3 Nc6 7.Bd3 d6 8.Ne2 b6 9.e4 e5 10.O-O O-O 
11.Bg5 h6 12.Bh4 Ba6 13.f4 exf4 14.Nxf4 g5 15.Nd5 
Nxd5 16.exd5 Na5 17.Qh5 Kg7 18.Rf5 gxh4 19.Qg4+ 
Kh8 20.Rh5 Qf6 21.Rf1 Qg7 22.Qxh4 Bxc4 23.Rf3 Bxd3 
24.Rxd3 Rfe8 25.Rxh6+ Kg8 26.Rg3 Qxg3 
27.Rh8+ 1-0

[Event "ACL-A154"]
[Site "www.playchess.de"]
[Date "2001.04.07"]
[Round "2"]
[White "Zeus"]
[Black "Unlive666"]
[WhiteElo "1500"]
[BlackElo "1500"]
[PlyCount "31"]
[Result "1-0"]

1.d4 Nc6 2.Nf3 d5 3.c4 dxc4 4.d5 Ne5 5.Nxe5 f6 
6.Nxc4 Bf5 7.Nc3 Qd7 8.e4 Bg6 9.Na5 O-O-O 10.Qb3 
Re8 11.Qxb7+ Kd8 12.Qb8+ Qc8 13.Nb7+ Kd7 14.Bb5+ 
c6 15.dxc6+ Ke6 16.Bc4+ 1-0

[Event "HCL-C290"]
[Site "www.playchess.de"]
[Date "2001.04.07"]
[Round "1"]
[White "Lukas"]
[Black "Henri"]
[WhiteElo "824"]
[BlackElo "1000"]
[PlyCount "35"]
[Result "1-0"]

1.e4 e5 {Bonjour}  2.Nf3 {Hallo. Je ne parle ni 
français ni anglais. Sorry!}  Nc6 3.Bb5 Nf6 4.O-O 
Bc5 5.Nxe5 Nxe5 6.d4 Bd6 7.dxe5 Bxe5 8.f4 Bd6 9.e5 
Bc5+ 10.Kh1 Ng4 11.Qe2 O-O 12.Qxg4 d6 13.Qd1 a6 
14.Bd3 dxe5 15.fxe5 Qe7 16.Qe2 b5 17.Qe4 g6 
18.Qxa8 1-0

[Event "HCL-C280"]
[Site "www.playchess.de"]
[Date "2001.04.07"]
[Round "34"]
[White "Gagarin"]
[Black "DC"]
[WhiteElo "800"]
[BlackElo "1000"]
[PlyCount "21"]
[Result "1-0"]

1.e4 Nc6 2.d4 d5 3.e5 f6 4.Bb5 fxe5 5.dxe5 a6 
6.Bxc6+ bxc6 7.Nf3 Bg4 8.h3 Bxf3 9.Qxf3 e6 10.O-O 
Qg5 11.Bxg5 1-0

[Event "HCL-B299"]
[Site "www.playchess.de"]
[Date "2001.04.07"]
[Round "17"]
[White "lebesgue"]
[Black "whatsleft2"]
[WhiteElo "1667"]
[BlackElo "1816"]
[PlyCount "55"]
[Result "1-0"]

1.d4 d5 {goodluck}  2.Nf3 e6 3.Bf4 c5 4.e3 Nc6 
5.c3 Nf6 6.Nbd2 b6 7.Bb5 Bd7 8.Qa4 Qc8 9.O-O a6 
10.Bxc6 Bxc6 11.Qc2 c4 12.b4 cxb3 13.axb3 Nh5 
14.Bg5 f6 15.Bh4 g5 16.Bg3 Nxg3 17.hxg3 Qb7 18.Ne1 
O-O-O 19.Nd3 Kb8 20.c4 dxc4 21.bxc4 Bxg2 22.Rfb1 
h5 23.Nc5 Bxc5 24.dxc5 b5 25.cxb5 axb5 26.Rxb5 
Qxb5 27.Rb1 Qxb1+ {you played real well thanks for 
game i will resign after your move}  28.Qxb1+ {I 
enjoy our game! Ithink that 0-0-0 was you big 
error. Suddenly you gave aims for my 
attack.Thanks.}  1-0

[Event "ACL-E013"]
[Site "www.playchess.de"]
[Date "2001.04.07"]
[Round "7"]
[White "deepcover"]
[Black "player27"]
[WhiteElo "1746"]
[BlackElo "1719"]
[PlyCount "20"]
[Result "0-1"]

1.d4 e6 {good luck again : )}  2.e4 {You too!:)}  
d5 3.e5 c5 4.c3 Nc6 5.Nf3 Qb6 6.Be2 cxd4 7.cxd4 
Nh6 8.Bxh6 Qxb2 9.Nbd2 gxh6 10.O-O 
Nxd4 0-1

[Event "HCL-A036"]
[Site "www.playchess.de"]
[Date "2001.04.08"]
[Round "2"]
[White "SunTzu"]
[Black "NHD"]
[WhiteElo "1700"]
[BlackElo "1822"]
[PlyCount "82"]
[Result "0-1"]

1.e4 e5 2.f4 exf4 3.Nf3 g5 4.Bc4 g4 5.O-O gxf3 
6.Qxf3 Qf6 7.e5 Qxe5 8.Bxf7+ Kxf7 9.d4 Qxd4+ 
10.Be3 Qg7 11.Qxf4+ Nf6 12.Bd4 Be7 13.Nc3 d6 
14.Nd5 Bh3 15.Rf2 Nbd7 16.Qe3 Be6 17.Nxc7 Bg4 
18.Nxa8 Rxa8 19.Re1 Ne5 20.Bxe5 dxe5 21.Qxe5 Kf8 
22.Ref1 Rd8 23.h3 Bd1 24.R2xf6+ Bxf6 25.Rxf6+ Kg8 
26.Qe6+ Kh8 27.Rf7 Qd4+ 28.Kh1 Bxc2 29.Rxb7 Bg6 
30.Qe7 Re8 31.Qb4 Qxb4 32.Rxb4 Re2 33.Rb8+ Kg7 
34.Rb7+ Kf6 35.Kg1 Be4 36.Rxa7 Rxg2+ 37.Kf1 Rxb2 
38.Ra4 Ke5 39.Ra7 Bd3+ 40.Kg1 Kf4 41.a4 
Ra2 0-1

[Event "HCL-A057"]
[Site "www.playchess.de"]
[Date "2001.04.08"]
[Round "20"]
[White "dynamitedan"]
[Black "klypp"]
[WhiteElo "1939"]
[BlackElo "2138"]
[PlyCount "84"]
[Result "0-1"]

1.d4 Nf6 2.c4 e6 3.g3 d5 4.Bg2 dxc4 5.Nf3 c5 6.O-O 
Nc6 7.Ne5 Bd7 8.e3 cxd4 9.exd4 Be7 10.Nc3 O-O 
11.Nxc4 Rc8 12.Bf4 a6 13.Nd6 Bxd6 14.Bxd6 Re8 
15.Qd3 Na5 16.Bb4 Bc6 17.f3 Nd5 18.Nxd5 Bxd5 
19.Rfd1 Nc6 20.Ba3 Qa5 21.Rac1 Bxa2 22.f4 Red8 
23.Be4 h6 24.Bxc6 Rxc6 25.Rxc6 bxc6 26.Bc5 Bd5 
27.Qc2 Qa2 28.Rc1 a5 29.Ba3 Qb3 30.Qxb3 Bxb3 
31.Rxc6 Rxd4 32.Rc8+ Kh7 33.Rc5 a4 34.h4 Rd2 
35.Rc7 Kg6 36.g4 h5 37.gxh5+ Kxh5 38.Rxf7 g6 
39.Rf6 Bc4 40.Kh1 Re2 41.Kg1 Bd3 42.Rf7 
Kg4 0-1

[Event "HCL-B142"]
[Site "www.playchess.de"]
[Date "2001.04.08"]
[Round "28"]
[White "OObuc"]
[Black "cobra"]
[WhiteElo "1181"]
[BlackElo "1200"]
[PlyCount "50"]
[Result "0-1"]

1.b4 d5 2.Nf3 b6 {Nice to be back}  3.Bb2 e6 4.a3 
Bb7 5.d4 Be7 6.Nc3 Nf6 7.Ne5 O-O 8.e3 Nfd7 9.Ng4 
Nf6 10.Ne5 Nbd7 11.Nf3 c5 12.dxc5 bxc5 13.Bb5 c4 
14.Ng5 a6 15.Nxd5 Bxd5 16.Bxd7 Qxd7 17.Bxf6 Bxf6 
18.Qh5 Bc3+ 19.Ke2 h6 20.Rad1 hxg5 21.Qxg5 Qa4 
22.Rd4 Qxc2+ 23.Kf1 {Exceellent game my friend 
take care and stay well!}  Qc1+ 24.Ke2 Qxh1 25.Rg4 
Qe1+ {Thanks for the game.}  0-1

[Event "HCL-C110"]
[Site "www.playchess.de"]
[Date "2001.04.08"]
[Round "13"]
[White "kz2kz"]
[Black "Flab"]
[WhiteElo "1000"]
[BlackElo "1000"]
[PlyCount "60"]
[Result "0-1"]

1.e4 e6 2.d4 c5 3.Nf3 Nc6 4.c4 h5 5.Nc3 e5 6.d5 
Nd4 7.Nxe5 d6 8.Nf3 f5 9.Nxd4 cxd4 10.Qxd4 Nf6 
11.Bg5 Qb6 12.Qxb6 axb6 13.Bxf6 gxf6 14.Bd3 Bd7 
15.exf5 Be7 16.O-O-O Kf7 17.Rhe1 Rhg8 18.g3 Rg5 
19.Re3 Bxf5 20.h4 Rg4 21.Bxf5 Rxc4 22.Rde1 Bf8 
23.Kb1 Rcc8 24.R3e4 Rcd8 25.Ra4 Rab8 26.Rb4 Rde8 
27.Re6 Rxe6 28.dxe6+ Ke7 29.Nd5+ Kd8 30.Rc4 
Ra8 0-1

[Event "HCL-C117"]
[Site "www.playchess.de"]
[Date "2001.04.08"]
[Round "2"]
[White "tiberiuskirk"]
[Black "nikk"]
[WhiteElo "986"]
[BlackElo "1118"]
[PlyCount "70"]
[Result "0-1"]

1.e4 e6 2.d4 d6 3.Nf3 g6 4.Be2 Ne7 5.O-O Bg7 6.Be3 
O-O 7.Qd2 b6 8.c4 Bb7 9.d5 exd5 10.exd5 Nd7 11.Nc3 
Ne5 12.Bh6 Nf5 13.Bxg7 Kxg7 14.Nxe5 dxe5 15.Bg4 
Nd6 16.b3 a6 17.Rfe1 f5 18.Be2 Qd7 19.a4 Rae8 
20.Qg5 Nf7 21.Qh4 Qd6 22.Bf1 Qe7 23.Qxe7 Rxe7 
24.g3 Nd6 25.f4 e4 26.Re3 Rd8 27.Rc1 Ba8 28.Na2 a5 
29.c5 bxc5 30.Rxc5 Nb7 31.Rb5 h5 32.Bc4 Kf6 33.Nc3 
g5 34.fxg5+ Kxg5 35.h4+ Kf6 0-1

[Event "HCL-C117"]
[Site "www.playchess.de"]
[Date "2001.04.08"]
[Round "31"]
[White "Optimo"]
[Black "tiberiuskirk"]
[WhiteElo "1276"]
[BlackElo "986"]
[PlyCount "65"]
[Result "0-1"]

1.e4 e6 2.d4 d5 3.Nd2 c5 4.Ngf3 Qb6 5.c3 Nc6 
6.exd5 exd5 7.Nb3 Nf6 8.Nxc5 Bxc5 9.dxc5 Qxc5 
10.Be2 O-O 11.O-O Bg4 12.Be3 Qd6 13.Ng5 Bxe2 
14.Qxe2 Ne4 15.Nxe4 dxe4 16.Qg4 f5 17.Qe2 Qd3 
18.Qxd3 exd3 19.Rad1 Rfd8 20.Rd2 Rd5 21.Bg5 h6 
22.Rfd1 Ne5 23.Be3 Nc4 24.Bf4 Nxd2 25.g3 Re2 
26.Bxd2 Rc5 27.c4 Rxc4 28.Bc3 Kf7 29.Rxd3 Re7 
30.Rd7+ a6 31.Rd2 Rce4 32.Rd6 Rxb4 {???}  
33.Bb4 0-1

[Event "HCL-C141"]
[Site "www.playchess.de"]
[Date "2001.04.08"]
[Round "4"]
[White "Jaco"]
[Black "Trickster"]
[WhiteElo "558"]
[BlackElo "681"]
[PlyCount "49"]
[Result "1-0"]

1.e4 e5 2.Nf3 Nc6 3.Bc4 Bc5 4.O-O Nf6 5.Nc3 O-O 
6.d3 d6 7.Bg5 Bg4 8.h3 Bh5 9.g4 Bg6 10.Nd5 Na5 
11.Qd2 c6 12.Nxf6+ gxf6 13.Bh6 Bb4 14.Qe3 Bc5 
15.Qd2 Re8 16.b4 Qb6 17.bxa5 Bb4 18.c3 Bxa5 
19.Rab1 Qc7 20.g5 f5 21.Nh4 Bh5 22.exf5 d5 23.f6 
Qd6 24.Nf5 Qe6 25.Ne7+ 1-0

[Event "HCL-E016"]
[Site "www.playchess.de"]
[Date "2001.04.08"]
[Round "27"]
[White "Exchange_with_Tempo"]
[Black "seedythayer"]
[WhiteElo "2227"]
[BlackElo "2238"]
[PlyCount "52"]
[Result "0-1"]

1.d4 f5 2.Nf3 g6 3.Bf4 Bg7 4.e3 d6 5.Bc4 e6 6.O-O 
Nf6 7.h3 O-O 8.Nbd2 Qe7 9.c3 Nbd7 10.Re1 Nb6 
11.Bd3 Bd7 12.e4 fxe4 13.Nxe4 Nxe4 14.Rxe4 Bc6 
15.Bg5 Qd7 16.Re3 Nd5 17.Re1 Rae8 18.Qd2 Ne7 
19.Bc4 Nc8 {Hi. New improvements again!}  20.d5 
exd5 21.Bxd5+ Kh8 22.Bxc6 Qxc6 23.Bh4 Qc4 {Hi. It 
probably will be drawn, but let's play a few more 
moves.}  24.Rxe8 Rxe8 25.Re1 Rf8 26.Nd4 
Bxd4 0-1

[Event "HCL-E019"]
[Site "www.playchess.de"]
[Date "2001.04.08"]
[Round "29"]
[White "Brrrr"]
[Black "Radost"]
[WhiteElo "1806"]
[BlackElo "1941"]
[PlyCount "85"]
[Result "1-0"]

1.d4 Nf6 2.c4 e6 3.Nf3 b6 4.a3 c5 5.d5 {Happy New 
Year, Frank! :-)}  exd5 {thanks! Nice to meet you 
again!}  6.cxd5 d6 7.Nc3 Be7 8.e4 O-O 9.Be2 a6 
10.O-O Nbd7 11.Bf4 Bb7 12.Bd3 Ng4 13.Bc2 b5 14.Re1 
Nge5 15.Nxe5 Nxe5 16.Qh5 Bf6 17.Qh3 Bc8 18.Qe3 Nc4 
19.Qc1 Qa5 20.Bb3 Nxb2 21.Re3 Bd4 22.Qxb2 Bxe3 
23.Bxe3 Qc7 24.Bf4 Bg4 25.Qd2 Rfe8 26.Qe3 Bh5 
27.Qg3 Rad8 28.Bg5 Rdb8 29.Rc1 Bg6 30.Bf4 Rbd8 
31.Bc2 {Let's play on. I think my B+N are slightly 
worth more than R+P.}  Qd7 {ok}  32.h4 f6 33.Rb1 
Ref8 34.Bd1 f5 35.h5 Be8 36.exf5 Qxf5 37.Bg5 Bf7 
38.Bxd8 Rxd8 39.Bg4 Qg5 40.Qh3 Re8 41.Bc8 b4 
42.axb4 cxb4 43.Rxb4 1-0

[Event "HCL-B149"]
[Site "www.playchess.de"]
[Date "2001.04.08"]
[Round "21"]
[White "Riza"]
[Black "Rygars"]
[WhiteElo "1321"]
[BlackElo "1502"]
[PlyCount "44"]
[Result "0-1"]

1.e4 e5 {Hello}  2.f4 exf4 {King's gambit?! wow I 
didn't see that from a player for such a long time 
:)}  3.Nf3 g5 4.Bc4 g4 5.Bxf7+ Kxf7 6.Ne5+ Ke8 
7.Qxg4 Nf6 8.Qxf4 d6 9.O-O dxe5 10.Qxe5+ Kf7 11.d4 
Nc6 12.Qh5+ Kg8 13.Qg5+ Bg7 14.Nc3 h6 15.Qg6 Qxd4+ 
16.Kh1 Bg4 17.Rxf6 Qxf6 18.Qxf6 Bxf6 19.Nd5 Be5 
20.h3 Rf8 21.Be3 Bh5 22.g4 Bg6 0-1

[Event "HCL-B154"]
[Site "www.playchess.de"]
[Date "2001.04.08"]
[Round "5"]
[White "Evgeniy"]
[Black "crapulamaster"]
[WhiteElo "1200"]
[BlackElo "1500"]
[PlyCount "40"]
[Result "0-1"]

1.d4 {Hello, crapulamaster}  Nf6 {hi, friend}  
2.c4 e6 3.Nc3 Bb4 {this month is the exams month 
in the university, im very busy. Any draw offer 
will be accept.}  4.Qc2 b5 5.e4 bxc4 6.Bxc4 Bb7 
{Ukraine is cold?}  7.Bd3 {No, temperature in 
Ukraine 0 degree}  c5 {20º here in tenerife}  
8.dxc5 Bxc5 9.a3 Nc6 {interesting play.......}  
10.Nb5 Ne5 {amazing move...i analized 9..a5, but 
against Kb5...Kc6-Ke5!}  11.b4 Nxd3+ {b4?}  
12.Qxd3 Bxe4 13.Qg3 O-O {R U conect? would you 
like to play blitz. send me a mail...}  14.bxc5 
Qa5+ {sorry for delay.....}  15.Nc3 Bxg2 16.Bd2 
Bxh1 17.Qe5 Qa6 18.Nge2 Rfc8 19.Be3 Rab8 20.Bd4 
Ne8 0-1

[Event "HCL-C162"]
[Site "www.playchess.de"]
[Date "2001.04.08"]
[Round "27"]
[White "nikk"]
[Black "mcfiskal"]
[WhiteElo "1207"]
[BlackElo "1000"]
[PlyCount "27"]
[Result "1-0"]

1.e4 {hi}  c5 2.Nf3 d6 3.d4 cxd4 4.Nxd4 Nc6 5.Nc3 
g6 6.Be3 Bg7 7.Qd2 Nf6 8.f3 O-O 9.Bc4 Bd7 10.Bb3 
Rc8 11.O-O-O Na5 12.h4 Nxb3+ 13.Nxb3 a5 
14.Nd5 1-0

[Event "HCL-C178"]
[Site "www.playchess.de"]
[Date "2001.04.08"]
[Round "3"]
[White "dg"]
[Black "ictus"]
[WhiteElo "1110"]
[BlackElo "1276"]
[PlyCount "97"]
[Result "1-0"]

1.e4 e6 2.Nf3 d5 3.e5 c5 4.d3 Nc6 5.Nbd2 Nge7 6.g3 
Nf5 7.Bg2 Qc7 8.Qe2 Bd7 9.b3 Be7 10.Bb2 O-O 11.O-O 
f6 12.exf6 Bxf6 13.Bxf6 Rxf6 14.c4 Nfd4 15.Nxd4 
Nxd4 16.Qd1 Bc6 17.f4 Raf8 18.Nf3 Nxf3+ 19.Bxf3 d4 
20.Qe2 Bxf3 21.Qxf3 b6 22.Rae1 e5 23.Qd5+ Qf7 
24.Qxe5 h6 25.Qe7 Qxe7 26.Rxe7 a5 27.Rfe1 R6f7 
28.R1e6 R7f6 29.Kg2 Kh7 30.Kf3 Kg6 31.g4 Kh7 
32.Ke4 R6xf4+ 33.Kd5 Rd8+ 34.Kc6 Rb8 35.Kc7 Rff8 
36.Rxb6 Rbc8+ 37.Kd7 Rcd8+ 38.Ke6 Rf6+ {???}  
39.Ke5 Rxb6 40.Rc7 Re8+ 41.Kd5 Rg6 42.Kxc5 Rxg4 
43.Kd5 Rd8+ 44.Kc6 Rg2 45.Ra7 Rxa2 46.b4 a4 47.b5 
Ra3 48.b6 Rb3 49.b7 1-0

[Event "HCL-C180"]
[Site "www.playchess.de"]
[Date "2001.04.08"]
[Round "6"]
[White "Fiver"]
[Black "soymilk"]
[WhiteElo "1005"]
[BlackElo "1182"]
[PlyCount "66"]
[Result "0-1"]

1.c4 {Hello again.  We meet again sooner than 
expected.  ;-)}  c5 {I saw this tournament and I 
couldn't pass up the chance to get my revenge! ;)} 
 2.Nc3 Nf6 3.Nf3 e6 4.e3 Nc6 5.d4 cxd4 6.Nxd4 Nxd4 
7.Qxd4 b6 8.Ne4 Nxe4 9.Qxe4 Bb4+ 10.Kd1 Ba6 11.a3 
Be7 12.Ke1 Qc8 13.b4 {I shall be away from later 
today until Sunday afternoon so will probably not 
play again until Monday}  Qb7 14.Qg4 Bf6 15.Ra2 
Qc7 16.Rc2 Bb7 17.Bd3 O-O 18.f3 Rac8 19.Bxh7+ Kxh7 
20.h4 Qe5 21.e4 d5 22.Bf4 Qa1+ 23.Bc1 Bb2 24.Kd2 
Bxc1+ 25.Rhxc1 Qd4+ 26.Ke1 Rxc4 27.R2xc4 Qe3+ 
28.Kd1 dxc4 29.Qh5+ Kg8 30.Qe5 Rd8+ 31.Kc2 Rd2+ 
32.Kb1 {So, you have your revenge.  ;-)}  Qb3+ 
{Heehee, yep, but it's not as nice as your 
checkmate in our last game IMO!}  33.Ka1 {They all 
count.  See you again in a B-league game.}  Qa2+ 
{Thanks for the game and see you again!} 
 0-1

[Event "HCL-E022"]
[Site "www.playchess.de"]
[Date "2001.04.08"]
[Round "13"]
[White "Eagle"]
[Black "lubos"]
[WhiteElo "2000"]
[BlackElo "1967"]
[PlyCount "50"]
[Result "0-1"]

1.e4 e5 2.Nf3 Nc6 3.Bb5 a6 4.Bxc6 dxc6 5.O-O f6 
6.d4 exd4 7.Qxd4 Bg4 8.Qe3 Bxf3 9.Qxf3 Qd7 10.Rd1 
Bd6 11.Bf4 O-O-O 12.Nc3 Ne7 13.Rd3 Ng6 14.Bg3 Qe6 
15.Rad1 Ne5 16.Bxe5 Bxe5 17.R3xd8+ Rxd8 18.Rxd8+ 
Kxd8 19.Qd3+ Kc8 20.f3 Bxc3 21.Qxc3 Qxa2 22.Qb4 
Qb1+ 23.Kf2 Qxc2+ 24.Kg3 c5 25.Qa3 
Qc4 0-1

[Event "HCL-A079"]
[Site "www.playchess.de"]
[Date "2001.04.08"]
[Round "14"]
[White "stud"]
[Black "One_i"]
[WhiteElo "1180"]
[BlackElo "1600"]
[PlyCount "36"]
[Result "0-1"]

1.e4 d5 {good luck to you from Canada}  2.exd5 {gl 
2 u  2}  Nf6 3.Nf3 Qxd5 4.Nc3 Qh5 5.Be2 Bg4 6.h3 
e6 7.d3 Bxf3 8.Bxf3 Qe5+ 9.Be3 Nc6 10.O-O Bd6 
11.g3 Qf5 12.Ne4 Qxh3 13.Nxf6+ {i didnt see the 
pawn, but you shouldnt have taken}  gxf6 14.Bg4 
Qxf1+ 15.Qxf1 O-O-O 16.Qh3 h5 17.Bxe6+ fxe6 
18.Qxe6+ Kb8 0-1

[Event "HCL-B181"]
[Site "www.playchess.de"]
[Date "2001.04.08"]
[Round "1"]
[White "WWJD4U"]
[Black "sarek"]
[WhiteElo "1400"]
[BlackElo "1083"]
[PlyCount "41"]
[Result "1-0"]

1.e4 e6 2.d4 d5 3.e5 c5 4.Nf3 cxd4 5.Nxd4 Nc6 
6.Nf3 Nge7 7.Nc3 Nf5 8.Be2 Bb4 9.O-O Bxc3 10.bxc3 
O-O 11.Ba3 Re8 12.Rb1 Qa5 13.Rb3 Qc7 14.Bd3 Nxe5 
15.Nxe5 Qxe5 16.Re1 Qf6 17.c4 dxc4 18.Bxc4 b6 
19.Qf3 Bd7 20.Rd1 Rad8 21.Bb2 1-0

[Event "ACL-A097"]
[Site "www.playchess.de"]
[Date "2001.04.08"]
[Round "21"]
[White "michaeljohn"]
[Black "wael"]
[WhiteElo "1500"]
[BlackElo "1500"]
[PlyCount "73"]
[Result "1-0"]

1.d4 c5 {hi}  2.d5 Nf6 3.c4 {Hello from 
Washington, DC.}  e6 {Good place it is}  4.Nc3 
{Yes it is a good place. Where are you from?}  
exd5 {from Jordan}  5.cxd5 d6 6.e4 g6 7.Bd3 Bg7 
8.Nge2 O-O 9.O-O Nbd7 10.f4 b5 11.Bxb5 Qb6 12.Ng3 
h5 13.Qf3 Ng4 14.Bc6 Rb8 15.h3 Ngf6 16.Rb1 Bb7 
17.Ba4 Rfe8 18.Bc2 h4 19.Nge2 Ba6 20.Be3 Qc7 
21.Bf2 Nh5 22.Bxh4 Bxe2 23.Qxe2 Bxc3 24.bxc3 Qa5 
25.Rxb8 Rxb8 26.e5 Qxc3 27.e6 Qd4+ 28.Bf2 Nxf4 
29.exf7+ Kf8 30.Qg4 Qd2 31.Qxd7 Qxd5 32.Qg4 Rb4 
33.Bxg6 Ne6 34.Be4 Rxe4 35.Qg8+ Ke7 36.Qe8+ Kf6 
37.Bh4+ 1-0

[Event "HCL-C185"]
[Site "www.playchess.de"]
[Date "2001.04.08"]
[Round "13"]
[White "wael"]
[Black "kldr"]
[WhiteElo "1000"]
[BlackElo "1646"]
[PlyCount "55"]
[Result "0-1"]

1.e4 {hi what u do in life}  e5 {Hi Wael, I just 
live it, sometimes interesting, sometimes boring, 
quite usual I think.}  2.Nf3 {u dont have a girl 
that is the problem i thenk}  Nc6 {You are right, 
I don´t have a girl - I have a wife, that´s the 
problem. :-)}  3.Bc4 {what is u age}  Nf6 {Iam 
more than twice as old as you. By the way, you can 
see it when you click the username "kldr".}  4.d4 
{okay}  exd4 {Starts to get exciting.}  5.e5 Qe7 
6.O-O Ng4 7.Bg5 Qc5 8.Nbd2 Ngxe5 {You have already 
won 2 games in this tournament. Congratulations! 
Klaus}  9.Qe2 {thank u and thes is the theerd 
game}  Be7 {Are you sure?}  10.Qe2 {thank u and 
thes is the theerd game}  Qxe7 11.Bxe7 Nxe5 
12.Nxe5 d6 13.Rfe1 f6 14.f4 dxe5 15.fxe5 Bg4 
16.Nf3 Bxf3 17.Qe4 {yes}  O-O-O 18.Qxf3 Qc5 19.c3 
Kb8 20.Be6+ Rxd4 21.cxd4 Rc4+ 22.Rac1 Qxe3+ 23.Qe3 
Rxc1+ 24.Rxe3 Rc2+ 25.Kf2 Rxe2+ 26.Re2 Rd8 27.Kxe2 
Rd4 28.Ke3 0-1

[Event "HCL-M006"]
[Site "www.playchess.de"]
[Date "2001.04.08"]
[Round "17"]
[White "rayschutt"]
[Black "kingscrusher"]
[WhiteElo "2635"]
[BlackElo "2200"]
[PlyCount "25"]
[Result "1-0"]

1.d4 {Hello!}  Nf6 2.c4 g6 3.Nc3 Bg7 4.e4 d6 5.Be2 
O-O 6.Nf3 e5 7.d5 h6 8.h3 Nbd7 9.Be3 Re8 10.Qc2 
Nf8 11.O-O-O a6 12.Kb1 Bd7 13.g4 1-0

[Event "HCL-M006"]
[Site "www.playchess.de"]
[Date "2001.04.08"]
[Round "20"]
[White "kingscrusher"]
[Black "SanjeevChhiber"]
[WhiteElo "2200"]
[BlackElo "2200"]
[PlyCount "32"]
[Result "0-1"]

1.c4 Nf6 {hi}  2.Nc3 e6 3.g3 c6 4.Bg2 d5 5.d4 Bb4 
6.Nf3 Ne4 7.Qc2 Qa5 8.Bd2 Nxd2 9.Nxd2 Nd7 10.O-O 
Bxc3 11.bxc3 Qc7 12.cxd5 cxd5 13.e4 Nb6 14.exd5 
exd5 15.Rfe1+ Be6 16.a4 O-O 0-1

[Event "HCL-B190"]
[Site "www.playchess.de"]
[Date "2001.04.08"]
[Round "16"]
[White "GKChesterton"]
[Black "samar"]
[WhiteElo "1500"]
[BlackElo "1483"]
[PlyCount "26"]
[Result "0-1"]

1.d4 d5 2.Nf3 Nf6 3.e3 c5 4.c4 e6 5.Nc3 Nc6 6.Nd2 
cxd4 7.Nf3 dxc3 8.bxc3 Bc5 9.Nd2 dxc4 10.Nxc4 
Qxd1+ 11.Kxd1 Ne4 12.Ba3 Bxa3 13.Ke1 
Bc5 0-1

[Event "HCL-A083"]
[Site "www.playchess.de"]
[Date "2001.04.08"]
[Round "10"]
[White "sazex"]
[Black "Rifleman"]
[WhiteElo "1859"]
[BlackElo "1586"]
[PlyCount "24"]
[Result "0-1"]

1.e4 e5 2.d4 exd4 3.c3 dxc3 4.Bc4 cxb2 5.Bxb2 d5 
6.Bxd5 Nf6 7.Bxf7+ Kxf7 8.Qxd8 Bb4+ 9.Qd2 Bxd2+ 
10.Nxd2 Nxe4 11.Nxe4 Re8 12.f3 
Bf5 0-1

[Event "HCL-B190"]
[Site "www.playchess.de"]
[Date "2001.04.08"]
[Round "28"]
[White "GKChesterton"]
[Black "Pelikan"]
[WhiteElo "1500"]
[BlackElo "1417"]
[PlyCount "26"]
[Result "0-1"]

1.d4 d5 2.f4 Nf6 3.h3 e6 4.e3 c5 5.c4 dxc4 6.Bxc4 
cxd4 7.exd4 Nc6 8.Nf3 Be7 9.Be3 O-O 10.Nc3 a6 
11.g4 Nd5 12.Qd3 Ncb4 13.Qe4 Nxe3 0-1

[Event "HCL-C195"]
[Site "www.playchess.de"]
[Date "2001.04.08"]
[Round "1"]
[White "sonnyspock"]
[Black "heZZZie"]
[WhiteElo "1139"]
[BlackElo "1462"]
[PlyCount "62"]
[Result "0-1"]

1.e4 c6 2.d4 d5 3.e5 Na6 4.Bxa6 Qa5+ 5.c3 Qxa6 
6.Qe2 b6 7.Nf3 Qxe2+ 8.Kxe2 e6 9.Nbd2 Ne7 10.c4 
Ba6 11.b3 Ng6 12.a4 c5 13.Bb2 Nf4+ 14.Kf1 Rc8 
15.g3 dxc4 16.bxc4 Nd3 17.Ba3 cxd4 18.Bxf8 Rxf8 
19.Nxd4 Nxe5 20.Rc1 Nxc4 21.Nxc4 Rxc4 22.Rxc4 
Bxc4+ 23.Kg2 Ke7 24.Rc1 Rc8 25.Kg1 Ba6 26.Rxc8 
Bxc8 27.Nb5 Bd7 28.Nc3 Bc6 29.Kf1 Kd6 30.Ke2 Kc5 
31.f4 Kb4 0-1

[Event "HCL-A085"]
[Site "www.playchess.de"]
[Date "2001.04.08"]
[Round "3"]
[White "lottalove"]
[Black "Gruhni"]
[WhiteElo "1700"]
[BlackElo "1323"]
[PlyCount "92"]
[Result "0-1"]

1.e4 c5 {Hello from Frankfurt in Germany!}  2.Nf3 
{Hello and good morning from Manila,Philippines!}  
Nc6 3.c3 g6 4.d4 cxd4 5.cxd4 d5 6.e5 Bg4 7.Bb5 a6 
8.Bxc6+ bxc6 9.O-O e6 10.Nbd2 Bb4 11.Qa4 Qb6 12.a3 
Bxd2 13.Bxd2 Bxf3 14.gxf3 Ne7 15.Bg5 Nf5 16.Rfd1 
O-O 17.Kh1 Qxb2 18.Kg2 h6 19.Bf4 g5 20.Bg3 Ne3+ 
21.Kg1 Nxd1 22.Rxd1 Qe2 23.Kg2 h5 24.h4 g4 25.fxg4 
hxg4 26.Rc1 Qe4+ 27.Kh2 f5 28.exf6 Rxf6 29.Qxc6 
Raf8 30.Kg1 Qxd4 31.Qc2 e5 32.Rd1 Qc4 33.Qd2 R6f5 
34.Qxd5+ Qxd5 35.Rxd5 e4 36.Rd4 Re8 37.Kg2 Kh7 
38.Rd7+ Kg8 39.Rd6 Ra5 40.Rg6+ Kh7 41.Rxg4 Rxa3 
42.Bf4 Rg8 43.Rxg8 Kxg8 44.Be3 Rxe3 45.fxe3 a5 
46.Kf2 a4 0-1

[Event "HCL-A080"]
[Site "www.playchess.de"]
[Date "2001.04.08"]
[Round "11"]
[White "peze"]
[Black "swiety"]
[WhiteElo "1970"]
[BlackElo "1700"]
[PlyCount "63"]
[Result "1-0"]

1.c4 {Hi and Good Luck!}  e5 {hello from nyc}  
2.Nc3 Bb4 {where you from?}  3.Nd5 {My name is 
Peter and I come frome Wuppertal / Germany}  Be7 
4.d4 d6 5.e3 Nf6 6.Nxe7 Qxe7 7.Ne2 O-O 8.d5 Nbd7 
9.Qc2 a5 10.e4 Nc5 11.Ng3 Re8 12.Be2 Bd7 13.O-O h6 
14.f3 a4 15.Be3 Na6 16.Qc3 Nc5 17.b4 axb3 18.axb3 
b6 19.b4 Nb7 20.Ra3 Rxa3 21.Qxa3 Bc8 22.Qa7 Qd7 
23.Bd1 Qd8 24.Ba4 Nd7 25.Bc6 Nbc5 26.bxc5 bxc5 
27.Bd2 Rf8 28.Bxd7 Bxd7 29.Ba5 f5 30.Bxc7 Qe7 
31.Qb6 Qg5 32.Bxd6 1-0